000 00516 a2200169 4500
999 _c8560
_d8560
020 _a9780631199991
050 _aBD 111KIM 1994
100 _aKim . J [ed]
245 _aA Companion to Metaphysics
264 _aUnited Kingdom
_bBlackwell Publishing
_c1994
300 _bIncludes bibliographical references and index
440 _aA Companion to Metaphysics
500 _aIncludes Bibliographical references and index
650 _aMetaphysics -Dictionaries
700 _aKim . J
942 _2lcc
_cBK
_h111
_iKIM
_kBD